000 00411nam a2200121Ia 4500
008 170221s9999 xx 000 0 und d
245 _aHow Does the Stadium Atmosphere at a College Football Game Affect Behavioral
260 _bInternational Review of Management and Marketing
260 _c2016
300 _a6 : 4
650 _xMarketing.
856 _uhttp://www.econjournals.com/index.php/irmm/issue/view/88
999 _c308271
_d308271